Ecosistemas, especies y genes serán afectados por el Canal /
En el texto se expone las posibles afectaciones que la construcción del Canal Interoceánico generaría en la biodiversidad de Nicaragua. Se consideran los aspectos políticos con respecto a la publicidad dada por el gobierno de Nicaragua y el dominio geopolítico de China en el proyecto; así como aspec...
Gorde:
| Egile nagusia: | |
|---|---|
| Formatua: | Liburua |
| Hizkuntza: | Spanish |
| Gaiak: | |
| Etiketak: |
Etiketa erantsi
Etiketarik gabe, Izan zaitez lehena erregistro honi etiketa jartzen!
|
MARC
| LEADER | 00000nam a22000007a 4500 | ||
|---|---|---|---|
| 003 | cru CIDCACS/IIS | ||
| 005 | 20181009141309.0 | ||
| 007 | ta | ||
| 008 | 171109s2014 nq |||p|r|||| 00| 0 spa d | ||
| 999 | |c 40570 |d 40570 | ||
| 040 | |c cru CIDCACS/IIS | ||
| 100 | 1 | |9 5906 |a Maes, Jean-Michel | |
| 245 | 1 | |a Ecosistemas, especies y genes serán afectados por el Canal / |c Jean-Michel Maes | |
| 300 | |a páginas 23-26 | ||
| 520 | |a En el texto se expone las posibles afectaciones que la construcción del Canal Interoceánico generaría en la biodiversidad de Nicaragua. Se consideran los aspectos políticos con respecto a la publicidad dada por el gobierno de Nicaragua y el dominio geopolítico de China en el proyecto; así como aspectos contradictorios en los cuales, el proyecto evidencia elementos más negativos que positivos a nivel socioeconómico y ambiental. | ||
| 650 | 4 | |9 2012 |a EFECTOS EN EL MEDIO AMBIENTE | |
| 650 | 0 | |9 2022 |a DETERIORO AMBIENTAL | |
| 650 | 0 | |9 591 |a CANALES | |
| 650 | 4 | |9 3253 |a POLITICA GUBERNAMENTAL | |
| 650 | 0 | |9 7782 |a INFRAESTRUCTURA ECONOMICA | |
| 650 | 0 | |9 839 |a PROBLEMAS SOCIALES | |
| 651 | 0 | |9 1861 |a NICARAGUA | |
| 773 | 0 | |0 19513 |9 1499 |a Universidad Centroamericana (UCA) de Managua, Nicaragua |d Managua: Nicaragua UCA 1981- |o 19079 |t Envio | |
| 942 | |2 ddc |c PP | ||
